Theory of translation and translation criticism of an article regarding affairs of international politics between USA and Russia bakalárska práca

Saved in:
Bibliographic Details
Main Author: Lukáč, Marek
Corporate Author: Fakulta aplikovaných jazykov EU v Bratislave. Katedra jazykovedy a translatológie
Other Authors: Štefčík, Jozef, 1976-
Format: Book
Language:English
Published: Bratislava 2018
Tags: Add Tag
No Tags, Be the first to tag this record!

MARC

LEADER 00000nbm a2200000 4500
001 0244064
005 20181011092717.2
041 0 |a eng 
044 |a SK 
245 1 0 |a Theory of translation and translation criticism of an article regarding affairs of international politics between USA and Russia  |b bakalárska práca  |c Marek Lukáč ; školiteľ: Jozef Štefčík 
264 1 |a Bratislava  |c 2018 
300 |a 34 s. 
100 1 |a Lukáč, Marek 
700 1 |a Štefčík, Jozef, 1976- 
710 2 |a Fakulta aplikovaných jazykov EU v Bratislave. Katedra jazykovedy a translatológie